000 00527nam a22001817a 4500
005 20240209075135.0
008 240209b |||||||| |||| 00| 0 eng d
020 _a0702104329
041 _aEnglish
082 _a346.7 CAN
100 _aCaney, LR
_lEnglish
245 _aLaw of Novation :
_cLR Caney
250 _aSecond Edition
260 _aCape Town :
_bJuta and Company Ltd,
_c1973
300 _bxxiii, 112 pages ;
_c22 cm.
650 _aLegal practice
_bLaw
942 _cBK
_6ALISON_BN_VRIES
999 _c1332
_d1332